Derecho y análisis económico /

El presente estudio ubica el análisis económico del derecho -formulado originalmente para exponer los sistemas jurídicos norteamericanos- dentro del conjunto de las disciplinas que en las familias jurídicas romanistas se ocupan del estudio del derecho. Una vez ubicado, el autor aborda el análisis de...

Descripción completa

Guardado en:
Detalles Bibliográficos
Autor principal: Cossío Díaz, José Ramón (autor)
Formato: Libro
Idioma:Español
Publicado: México : Instituto Tecnológico Autónomo de México : Fondo de Cultura Económica, 1997, c1997
Colección:(Sección de Obras de Política y Derecho)
Temas:
Etiquetas: Agrega una etiqueta
Sin etiquetas, Sé el primero en etiquetar este registro!

MARC

LEADER 00000nam^a2200000^a^4500
001 000138090
005 20250521000000.0
009 20260310095415.201
020 |a 968-16-5140-5 
037 |a Acervo ITESO - Biblioteca 
041 |a ESP 
082 |a 340. 1  |b COS 
100 |a Cossío Díaz, José Ramón  |e (autor) 
245 1 0 |a Derecho y análisis económico /  |c J.R. Cossío Díaz. 
264 4 |a México :  |b Instituto Tecnológico Autónomo de México :  |b Fondo de Cultura Económica,  |c 1997, c1997 
300 |a 374 p. 
336 |a texto  |b txt  |2 rdacontenido 
337 |a sin mediación  |b n  |2 rdamedio 
338 |a volumen  |b nc  |2 rdasoporte 
440 1 |a (Sección de Obras de Política y Derecho) 
520 |a El presente estudio ubica el análisis económico del derecho -formulado originalmente para exponer los sistemas jurídicos norteamericanos- dentro del conjunto de las disciplinas que en las familias jurídicas romanistas se ocupan del estudio del derecho. Una vez ubicado, el autor aborda el análisis de los temas económicos necesarios, refiriéndose a los principales postulados de la teoría económica neoclásica. Destacan las características metodológicas del análisis económico dentro de la problemática del orden jurídico mexicano. 
649 |a XX 
650 |a Sistemas Jurídicos 
650 |a Orden Público -  |z Austria 
650 |a Derecho Constitucional -  |z México 
650 |a Derecho Internacional -  |z México 
650 |a Derecho -  |x Teoría 
650 |a Derecho -  |x Filosofía 
650 |a Sociología del Derecho 
650 |a Sociología Política 
650 |a Weber, Max 
650 |a Kelsen, Hans 
910 |a Fondo General 
920 |a Impresos - Libros 
930 |a Colección General 
905 |a 101 
901 |a 0500067892  |b IT1  |c ACC  |u 20250521 
902 |a https://opac.biblio.iteso.mx/vufind/Record/000138090